Riadenie rozplňovania PET rádiofarmaka

Salvato in:
Dettagli Bibliografici
Autore principale: Dankanin, Matúš (Autore)
Altri autori: Mrafko, Leo (Relatore della tesi)
Natura: Manoscritto Libro
Lingua:slovacco
Pubblicazione: Bratislava : STU v Bratislave FEI, 2023
Soggetti:
Accesso online:https://opac.crzp.sk/?fn=detailBiblioFormChildUEMA5&sid=2D2C61E4341E53665F661A3BFA9A&seo=CRZP-detail-kniha
Tags: Aggiungi Tag
Nessun Tag, puoi essere il primo ad aggiungerne!!

MARC

LEADER 00000ntm a22000003a 4500
001 stuzp92218
003 SK-STU
005 20241127125343.8
007 ta
008 150427s2015----xo-----f-mn---000-0-slo-d
040 |a STU  |b slo 
041 0 |a slo 
044 |a xo 
100 1 |a Dankanin, Matúš  |u 031000  |4 aut  |U FEI Fakulta elektrotechniky a informatiky  |T FEI Ústav robotiky a kybernetiky  |X 98317  |U E011  |Y 356  |7 98317 
242 0 1 |a Control of Manipulator for Radiopharmaceuticals  |y eng 
245 1 0 |a Riadenie rozplňovania PET rádiofarmaka 
260 |a Bratislava : 
260 |b STU v Bratislave FEI, 
260 |c 2023 
300 |a 87 s. 
650 4 |a robotický manipulátor  |2 slo 
650 4 |a dávkovač  |2 slo 
650 4 |a rádiofarmaká  |2 slo 
650 4 |a PLC  |2 slo 
650 4 |a HMI  |2 slo 
650 4 |a TIA Portal  |2 slo 
650 4 |a robotic manipulator  |2 eng 
650 4 |a dispenser  |2 eng 
650 4 |a HMI  |2 eng 
650 4 |a TIA Portal  |2 eng 
650 4 |a radiopharmaceuticals  |2 eng 
650 4 |a PLC  |2 eng 
700 1 |a Mrafko, Leo  |u 031000  |k Z8  |4 ths  |U FEI Fakulta elektrotechniky a informatiky  |T FEI Ústav robotiky a kybernetiky  |X 4972  |U E011  |Y 356  |7 A000004972 
856 4 |u https://opac.crzp.sk/?fn=detailBiblioFormChildUEMA5&sid=2D2C61E4341E53665F661A3BFA9A&seo=CRZP-detail-kniha